Entry Personal Name
001 - CONTROL NUMBER
- control field: 972
003 - CONTROL NUMBER IDENTIFIER
- control field: AM-YEHGA
005 - DATE AND TIME OF LATEST TRANSACTION
- control field: 20250617070424.0
008 - FIXED-LENGTH DATA ELEMENTS
- fixed length control field: 041014 a|ac|n|aab||||||||||||a |n|||||||
040 ## - CATALOGING SOURCE
- Original cataloging agency: AM-YEHGA
100 1# - HEADING--PERSONAL NAME
- Personal name: Արազի, Մովսես,
- Dates associated with a name: 1878-1964
400 1# - SEE FROM TRACING--PERSONAL NAME
- Personal name: Արազի,
- Dates associated with a name: 1878-1964
400 1# - SEE FROM TRACING--PERSONAL NAME
- Personal name: Արազի, Մ.
- Fuller form of name: (Մովսես),
- Dates associated with a name: 1878-1964
400 1# - SEE FROM TRACING--PERSONAL NAME
- Personal name: Արազի, Մովսես Մելիքի,
- Dates associated with a name: 1878-1964
400 1# - SEE FROM TRACING--PERSONAL NAME
- Personal name: Արազի, Մովսես Մելքոնի,
- Dates associated with a name: 1878-1964
400 1# - SEE FROM TRACING--PERSONAL NAME
- Control subfield: a
- Personal name: Հարությունյան, Մովսես Մելիքի,
- Dates associated with a name: 1878-1964
400 0# - SEE FROM TRACING--PERSONAL NAME
- Personal name: Ֆերնանդո,
- Dates associated with a name: 1878-1964
400 1# - SEE FROM TRACING--PERSONAL NAME
- Personal name: Арази,
- Dates associated with a name: 1878-1964
400 1# - SEE FROM TRACING--PERSONAL NAME
- Personal name: Арази, Мовсес,
- Dates associated with a name: 1878-1964
400 1# - SEE FROM TRACING--PERSONAL NAME
- Personal name: Арази, М.
- Fuller form of name: (Мовсес),
- Dates associated with a name: 1878-1964
400 1# - SEE FROM TRACING--PERSONAL NAME
- Personal name: Arazi,
- Dates associated with a name: 1878-1964
400 1# - SEE FROM TRACING--PERSONAL NAME
- Personal name: Arazi, Movses,
- Dates associated with a name: 1878-1964
670 ## - SOURCE DATA FOUND
- Source citation: Հայկական համառոտ հանրագիտարան, 1990 :
- Information found: հ.1 (Արազի (Հարությունյան Մովսես Մելիքի, 1.4.1878, գ. Շուլավեր (այժմ՝ ՎՍՍՀ Շահումյանի ավ.) - 22.12.1964, Երևան), հայ սովետ. գրող, պրոլ. գրակ. սւզբնավորողներից)
670 ## - SOURCE DATA FOUND
- Source citation: Խաչատրյան Հ. Գրական տեղեկատու, 1986 :
- Information found: էջ 69 (Արազի (1878-1964), արձակագիր, թարգմանիչ, ՍՍՀՄ գրող. միութ. անդամ 1934-ից։ Օգտագործել է նաև Ֆերնանդո ծածկանունը)
670 ## - SOURCE DATA FOUND
- Source citation: Իսրայել Օրի : Պատմական վեպ, 1963 :
- Information found: վերջ. (Արազի Մովսես Մելքոնի)
ՀՀ Գիտությունների ազգային ակադեմիայի հիմնարար գիտական գրադարան = Fundamental Scientific Library of NAS RA
All site content, except where otherwise noted, is licensed under a